Bất đẳng thức Cauchy-Bunyakovsky-Schwarz trên tổ hợp số phức và áp dụng

Bất đẳng thức Cauchy-Bunyakovsky-Schwarz và một số dạng tổng quát trực tiếp; Một số dạng tổng quát gián tiếp của Bất đẳng thức Cauchy-Bunyakovsky-Schwarz; Một số áp dụng của Bất đẳng thức Cauchy-Bunyakovsky-Schwarz...

Kaydedildi:
Detaylı Bibliyografya
Yazar: Trương Văn Ấn
Diğer Yazarlar: Trịnh Đào Chiến T.S (Hướng dẫn)
Materyal Türü: Kitap
Baskı/Yayın Bilgisi: Đà Nẵng Đại học Đà Nẵng 2012
Konular:
Etiketler: Etiketle
Etiket eklenmemiş, İlk siz ekleyin!
Thư viện lưu trữ: Mạng thư viện Đại học Đà Nẵng
LEADER 01666nam a2200313 4500
001 000017853
003 14279
005 20130829090847.0
008 130613s2012 sd
082 |a 515.926  |b TR- 
100 |a Trương Văn Ấn 
245 |a Bất đẳng thức Cauchy-Bunyakovsky-Schwarz trên tổ hợp số phức và áp dụng  |c Trương Văn Ấn ; Trịnh Đào Chiến hướng dẫn.  |k Luận văn Thạc sĩ 
260 |a Đà Nẵng  |b Đại học Đà Nẵng  |c 2012 
300 |a 99 tr., phụ lục 2 tr.  |c 29 cm.  |e CD + tóm tắt 
500 |a Luận văn thạc sĩ Khoa học. Chuyên ngành : Phương pháp Toán sơ cấp. Mã số: 60.46.40. 
520 |a Bất đẳng thức Cauchy-Bunyakovsky-Schwarz và một số dạng tổng quát trực tiếp; Một số dạng tổng quát gián tiếp của Bất đẳng thức Cauchy-Bunyakovsky-Schwarz; Một số áp dụng của Bất đẳng thức Cauchy-Bunyakovsky-Schwarz... 
650 0 4 |a Số phức  |v Luận văn tốt nghiệp  |x Bất đẳng thức 
653 |a Bất đẳng thức  |a Phương pháp Toán sơ cấp  |a Số phức 
700 |a Trịnh Đào Chiến  |c T.S  |e Hướng dẫn 
OWN |a LSP 
AVA |a UDN50  |b LSP  |d 515.926 TR-  |e available  |t Error 5001 Not defined in file expand_doc_bib_avail.  |f 1  |g 0  |h N  |i 0  |k 1 
999 |a From the UDN01 
AVA |a UDN50  |b LSP  |d 515.926 TR-  |e available  |t Error 5001 Not defined in file expand_doc_bib_avail.  |f 1  |g 0  |h N  |i 0  |k 1 
TYP |a Monograph 
TYP |a Printed language 
980 |a Mạng thư viện Đại học Đà Nẵng